Adult Health Nursing: (Record no. 1652)

MARC details
000 -LEADER
Fixed length control field 00579nam a2200205Ia 4500
003 - CONTROL NUMBER IDENTIFIER
Control field IIN
005 - DATE AND TIME OF LATEST TRANSACTION
Control field 20240201151140.0
008 - FIXED-LENGTH DATA ELEMENTS--GENERAL INFORMATION
Fixed length control field 231217s9999 xx 000 0 und d |||||||| |||| 00| 0 eng d
020 ## - INTERNATIONAL STANDARD BOOK NUMBER / ISBN
Price Rs.895.00
International Standard Book Number 9789354654770
040 ## - CATALOGING SOURCE
Original cataloging agency IIN
Language of cataloging Eng
082 ## - DEWEY DECIMAL CLASSIFICATION NUMBER
Classification number 610.72699
Book Number KUM
100 1# - MAIN ENTRY--PERSONAL NAME
Personal name Kumari, M.J.
245 #2 - TITLE STATEMENT
Title Adult Health Nursing:
Sub title Medical Surgical Nursing /
Statement of responsibility M.J. Kumari
260 ## - IMPRINT
Place of publication Jaypee
Name of publisher New Delhi
Date of publication 2023
300 ## - PHYSICAL DESCRIPTION
Page / Vol. No xxi,682p.
440 ## - SERIES STATEMENT
Number Vol.2
650 1# - SUBJECT ADDED ENTRY--TOPICAL TERM
Topical term Medical Surgical
Form subdivision Nursing
650 1# - SUBJECT ADDED ENTRY--TOPICAL TERM
Topical term Adult Health Nursing
942 ## - ADDED ENTRY ELEMENTS (KOHA)
Koha item type Books
Holdings
Withdrawn status Lost status Source of classification Damaged status Not for loan Home library Current library Date acquired Total Checkouts Call number Accession number Date last seen Copy number Price effective from Koha item type
    Dewey Decimal Classification     IDEAL INSTITUTE OF NURSING IDEAL INSTITUTE OF NURSING 01/02/2024   610.72699 KUM 1561 01/02/2024 Vol.2 01/02/2024 Books
    Dewey Decimal Classification     IDEAL INSTITUTE OF NURSING IDEAL INSTITUTE OF NURSING 01/02/2024   610.72699 KUM 1562 01/02/2024 Vol.2 01/02/2024 Books
    Dewey Decimal Classification     IDEAL INSTITUTE OF NURSING IDEAL INSTITUTE OF NURSING 01/02/2024   610.72699 KUM 1563 01/02/2024 Vol.2 01/02/2024 Books
© Ideal Institute Of Nursing, All rights reserved.         Powered by Koha